LEADER 00808naa a2200205 u 4500 001 000000099245 003 CaOOAMICUS 005 20070226130158.0 008 050928s1987 it u000 u ita u 035 $a11060595 040 $aIAR$bita 100 1 $aFusco, Vittorio.$0(OLS)http://pul/name/12733 245 10$aConsensi e dissensi nella questione sinottica /$cVittorio Fusco. 260 $aBologna :$bEd. Dehoniane,$c1987. 300 $aS. 591-607 ;$c22 cm 730 0 $aCristianesimo nella storia$g[Spogli].$0(OLS)http://pul/title/7312 773 0 $aCristianesimo nella storia ;.$tvol. VIII/3 (1987) 773 0 $tCristianesimo nella storia$w()5012 996 $6245$aConsensi e dissensi nella questione sinottica$9(OLS)http://pul/title/126124 996 $6260$aBologna :$bEd. Dehoniane$9(OLS)http://pul/publisher/48282 LEADER 00864naa a2200229 u 4500 001 000000096721 003 CaOOAMICUS 005 20070226130147.0 008 041124s1999 it u000 u ita u 020 $a88-8334-003-5 035 $a11016477 040 $aIAR$bita 100 1 $aGrottanelli, Cristiano.$0(OLS)http://pul/name/34964 245 12$aI miracoli di Elia ed Eliseo nei libri biblici dei Re /$cCristiano Grottanelli. 260 $aRoma :$bViella,$c1999. 300 $aS. 29-48 ;$c21 cm 773 0 $aMiracoli : Dai segni alla storia. 773 0 $tSacro/Santo$gNuova serie 1. 773 0 $tMiracoli : dai segni alla storia$w()48643 996 $6020$a88-8334-003-5$9(OLS)http://pul/number/61247 996 $6245$aI miracoli di Elia ed Eliseo nei libri biblici dei Re$9(OLS)http://pul/title/123603 996 $6260$aRoma :$bViella$9(OLS)http://pul/publisher/54599